[Event "ABC 2025 Groep C"]
[Site "Utrecht"]
[Date "2025.03.16"]
[Round "6.8"]
[White "John, Ryan"]
[Black "Roersma, Dylan"]
[Result "0-1"]
[WhiteFideId "8959291"]
[BlackFideId "8962217"]
[WhiteElo "1808"]
[BlackElo "1839"]

1. d4 {[%clk 00:55:18]} Nf6 {[%clk 00:55:05]} {[%emt 00:00:16]} 2. Nf3 {[%clk
00:55:05]} {[%emt 00:00:23]} d5 {[%clk 00:54:52]} {[%emt 00:00:24]} 3. Bf4
{[%clk 00:55:06]} {[%emt 00:00:08]} e6 {[%clk 00:54:05]} {[%emt 00:00:57]} 4.
e3 {[%clk 00:55:01]} {[%emt 00:00:14]} Bd6 {[%clk 00:53:47]} {[%emt 00:00:29]}
5. Bg3 {[%clk 00:54:45]} {[%emt 00:00:26]} O-O {[%clk 00:53:16]} {[%emt
00:00:41]} 6. Bd3 {[%clk 00:54:39]} {[%emt 00:00:16]} b6 {[%clk 00:51:09]}
{[%emt 00:02:18]} 7. c3 {[%clk 00:51:03]} {[%emt 00:03:45]} Bb7 {[%clk
00:50:02]} {[%emt 00:01:18]} 8. Bxd6 {[%clk 00:50:12]} {[%emt 00:01:00]} cxd6
{[%clk 00:48:28]} {[%emt 00:01:44]} 9. O-O {[%clk 00:47:16]} {[%emt 00:03:06]}
Qe7 {[%clk 00:46:59]} {[%emt 00:01:39]} 10. h3 {[%clk 00:46:27]} {[%emt
00:00:55]} e5 {[%clk 00:46:23]} {[%emt 00:00:51]} 11. Bc2 {[%clk 00:46:25]}
{[%emt 00:00:10]} Nbd7 {[%clk 00:45:20]} {[%emt 00:01:14]} 12. Nbd2 {[%clk
00:45:51]} {[%emt 00:00:43]} e4 {[%clk 00:44:19]} {[%emt 00:01:12]} 13. Nh2
{[%clk 00:45:39]} {[%emt 00:00:21]} Rfe8 {[%clk 00:43:39]} {[%emt 00:00:51]} 14.
Ba4 {[%clk 00:44:48]} {[%emt 00:00:58]} Rac8 {[%clk 00:42:02]} {[%emt
00:01:50]} 15. Ng4 {[%clk 00:43:16]} {[%emt 00:01:41]} Red8 {[%clk 00:37:01]}
{[%emt 00:05:13]} 16. Nxf6+ {[%clk 00:40:19]} {[%emt 00:03:06]} Nxf6 {[%clk
00:36:50]} {[%emt 00:00:22]} 17. f3 {[%clk 00:39:37]} {[%emt 00:00:49]} h6
{[%clk 00:34:26]} {[%emt 00:02:37]} 18. fxe4 {[%clk 00:36:02]} {[%emt
00:03:44]} dxe4 {[%clk 00:27:55]} {[%emt 00:06:42]} 19. Qe2 {[%clk 00:33:34]}
{[%emt 00:02:36]} d5 {[%clk 00:26:43]} {[%emt 00:01:24]} 20. Rf2 {[%clk
00:31:45]} {[%emt 00:01:59]} a6 {[%clk 00:21:12]} {[%emt 00:05:40]} 21. Raf1
{[%clk 00:29:15]} {[%emt 00:02:34]} b5 {[%clk 00:20:20]} {[%emt 00:01:08]} 22.
Bb3 {[%clk 00:28:26]} {[%emt 00:01:00]} Qd6 {[%clk 00:17:53]} {[%emt 00:02:36]}
23. Rf4 {[%clk 00:24:32]} {[%emt 00:04:03]} a5 {[%clk 00:16:04]} {[%emt
00:02:00]} 24. Qxb5 {[%clk 00:22:33]} {[%emt 00:02:09]} Ba6 {[%clk 00:15:57]}
{[%emt 00:00:17]} 25. Qxa5 {[%clk 00:21:43]} {[%emt 00:01:00]} Bxf1 {[%clk
00:15:57]} {[%emt 00:00:10]} 26. Nxf1 {[%clk 00:21:10]} {[%emt 00:00:43]} Nh5
{[%clk 00:14:00]} {[%emt 00:02:08]} 27. Rf5 {[%clk 00:18:51]} {[%emt 00:02:23]}
Nf6 {[%clk 00:12:39]} {[%emt 00:01:36]} 28. Qb5 {[%clk 00:15:54]} {[%emt
00:03:06]} g6 {[%clk 00:10:50]} {[%emt 00:02:00]} 29. Rf2 {[%clk 00:15:37]}
{[%emt 00:00:27]} Kg7 {[%clk 00:10:27]} {[%emt 00:00:34]} 30. Qe2 {[%clk
00:13:45]} {[%emt 00:02:01]} Rc7 {[%clk 00:08:16]} {[%emt 00:02:24]} 31. Qe1
{[%clk 00:11:27]} {[%emt 00:02:25]} Ra8 {[%clk 00:06:33]} {[%emt 00:01:54]} 32.
Rc2 {[%clk 00:10:30]} {[%emt 00:01:07]} Qb6 {[%clk 00:03:34]} {[%emt 00:03:10]}
33. Nd2 {[%clk 00:09:47]} {[%emt 00:00:53]} Qb5 {[%clk 00:03:08]} {[%emt
00:00:35]} 34. Qg3 {[%clk 00:08:09]} {[%emt 00:01:41]} Rd7 {[%clk 00:02:10]}
{[%emt 00:01:15]} 35. Qf2 {[%clk 00:07:03]} {[%emt 00:01:14]} Qd3 {[%clk
00:02:15]} {[%emt 00:00:07]} 36. a3 {[%clk 00:04:17]} {[%emt 00:02:57]} Rb8
{[%clk 00:02:05]} {[%emt 00:00:19]} 37. Rc1 {[%clk 00:03:28]} {[%emt 00:01:00]}
Rdb7 {[%clk 00:02:04]} {[%emt 00:00:11]} 38. Bc2 {[%clk 00:03:12]} {[%emt
00:00:25]} Qa6 {[%clk 00:02:11]} {[%emt 00:00:04]} 39. b4 {[%clk 00:02:49]}
{[%emt 00:00:33]} Qxa3 {[%clk 00:02:16]} {[%emt 00:00:04]} 40. Nb1 {[%clk
00:02:52]} {[%emt 00:00:07]} Qxc1+ {[%clk 00:02:23]} {[%emt 00:00:03]} 41. Kh2
{[%clk 00:03:01]} {[%emt 00:00:01]} Qb2 {[%clk 00:02:25]} {[%emt 00:00:09]} 42.
Qd2 {[%clk 00:03:01]} {[%emt 00:00:09]} Ra7 {[%clk 00:02:31]} {[%emt 00:00:05]}
43. Qf2 {[%clk 00:02:23]} {[%emt 00:00:47]} Ra2 {[%clk 00:02:37]} {[%emt
00:00:05]} 44. Qg3 {[%clk 00:02:25]} {[%emt 00:00:08]} Qxc2 {[%clk 00:02:41]}
{[%emt 00:00:06]} 45. Na3 {[%clk 00:02:31]} {[%emt 00:00:04]} Qe2 {[%clk
00:02:32]} {[%emt 00:00:18]} 46. Nb1 {[%clk 00:02:28]} {[%emt 00:00:13]} Rba8
{[%clk 00:02:39]} {[%emt 00:00:04]} 47. b5 {[%clk 00:02:03]} {[%emt 00:00:35]}
Nh5 {[%clk 00:02:43]} {[%emt 00:00:06]} 48. Qg4 {[%clk 00:01:56]} {[%emt
00:00:15]} Qxg4 {[%clk 00:02:45]} {[%emt 00:00:09]} 49. hxg4 {[%clk 00:02:05]}
{[%emt 00:00:02]} Rb2 {[%clk 00:02:53]} {[%emt 00:00:02]} 50. gxh5 {[%clk
00:02:08]} {[%emt 00:00:06]} Rxb1 {[%clk 00:03:00]} {[%emt 00:00:03]} 51. hxg6
{[%clk 00:02:16]} {[%emt 00:00:02]} fxg6 {[%clk 00:03:08]} {[%emt 00:00:03]} 52.
Kg3 {[%clk 00:02:25]} Rf8 {[%clk 00:03:14]} {[%emt 00:00:04]} 53. Kh3 {[%clk
00:02:27]} {[%emt 00:00:07]} Re1 {[%clk 00:03:22]} {[%emt 00:00:02]} 54. g3
{[%emt 00:00:06]} Rf2 {[%clk 00:03:30]} 55. b6 {[%clk 00:02:41]} {[%emt
00:00:04]} h5 {[%clk 00:03:37]} {[%emt 00:00:02]} 56. g4 {[%clk 00:02:43]}
{[%emt 00:00:07]} Rf3+ {[%clk 00:03:40]} {[%emt 00:00:07]} 57. Kg2 {[%clk
00:02:47]} {[%emt 00:00:06]} Re2+ {[%clk 00:03:47]} {[%emt 00:00:03]} 58. Kg1
{[%emt 00:00:04]} Rfxe3 {[%clk 00:03:42]} {[%emt 00:00:13]} 59. b7 {[%clk
00:03:02]} {[%emt 00:00:02]} Rb2 {[%clk 00:03:40]} {[%emt 00:00:13]} 60. gxh5
{[%clk 00:03:07]} {[%emt 00:00:04]} Re1# {[%clk 00:03:38]} {[%emt 00:00:02]}
0-1

[Event "ABC 2025 Groep C"]
[Site "Utrecht"]
[Date "2025.03.16"]
[Round "6.9"]
[White "Ma, Tim"]
[Black "Stoppels, Victor"]
[Result "1-0"]
[WhiteFideId "8933991"]
[BlackFideId "8759894"]
[WhiteElo "1821"]
[BlackElo "1737"]

1. e4 {[%clk 00:55:18]} {[%emt 00:00:01]} c6 {[%clk 00:55:14]} {[%emt
00:00:07]} 2. d4 {[%clk 00:55:21]} {[%emt 00:00:07]} d5 {[%clk 00:55:20]}
{[%emt 00:00:04]} 3. Nc3 {[%clk 00:55:26]} {[%emt 00:00:04]} dxe4 {[%clk
00:55:23]} {[%emt 00:00:08]} 4. Nxe4 {[%clk 00:55:11]} {[%emt 00:00:25]} Bf5
{[%clk 00:55:18]} {[%emt 00:00:14]} 5. Ng3 {[%clk 00:55:14]} {[%emt 00:00:08]}
Bg6 {[%clk 00:55:22]} {[%emt 00:00:06]} 6. Nf3 {[%clk 00:55:13]} {[%emt
00:00:11]} e6 {[%clk 00:54:50]} {[%emt 00:00:42]} 7. c3 {[%clk 00:53:34]}
{[%emt 00:01:49]} Bd6 {[%clk 00:54:24]} {[%emt 00:00:36]} 8. Bd3 {[%clk
00:53:24]} {[%emt 00:00:19]} Bxd3 {[%clk 00:53:49]} {[%emt 00:00:46]} 9. Qxd3
{[%clk 00:53:26]} {[%emt 00:00:08]} Nf6 {[%clk 00:53:46]} {[%emt 00:00:13]} 10.
Bg5 {[%clk 00:52:04]} {[%emt 00:01:24]} h6 {[%clk 00:52:16]} {[%emt 00:01:49]}
11. Bxf6 {[%clk 00:51:27]} {[%emt 00:00:46]} Qxf6 {[%clk 00:52:17]} {[%emt
00:00:09]} 12. Ne4 {[%clk 00:51:26]} {[%emt 00:00:10]} Qe7 {[%clk 00:52:02]}
{[%emt 00:00:26]} 13. Nxd6+ {[%clk 00:51:09]} {[%emt 00:00:27]} Qxd6 {[%clk
00:52:05]} {[%emt 00:00:07]} 14. O-O {[%clk 00:51:04]} {[%emt 00:00:15]} Nd7
{[%clk 00:51:46]} {[%emt 00:00:29]} 15. Rfe1 {[%clk 00:50:06]} {[%emt
00:01:07]} O-O {[%clk 00:51:28]} {[%emt 00:00:29]} 16. Rad1 {[%clk 00:41:01]}
{[%emt 00:09:15]} Rad8 {[%clk 00:48:38]} {[%emt 00:02:59]} 17. h3 {[%clk
00:32:53]} {[%emt 00:08:18]} Rfe8 {[%clk 00:47:44]} {[%emt 00:01:05]} 18. Qc2
{[%clk 00:31:22]} {[%emt 00:01:42]} Nb6 {[%clk 00:45:56]} {[%emt 00:01:57]} 19.
Nd2 {[%clk 00:27:28]} {[%emt 00:03:59]} Qc7 {[%clk 00:43:32]} {[%emt 00:02:39]}
20. Nb3 {[%clk 00:25:13]} {[%emt 00:02:25]} Nc4 {[%clk 00:40:00]} {[%emt
00:03:42]} 21. Nc5 {[%clk 00:20:39]} {[%emt 00:04:40]} b6 {[%clk 00:30:06]}
{[%emt 00:10:08]} 22. Ne4 {[%clk 00:18:45]} {[%emt 00:01:57]} Nd6 {[%clk
00:26:04]} {[%emt 00:04:18]} 23. Nxd6 {[%emt 00:01:26]} Rxd6 {[%clk 00:25:05]}
{[%emt 00:01:08]} 24. Rd3 {[%clk 00:17:10]} {[%emt 00:00:31]} Red8 {[%clk
00:24:23]} {[%emt 00:00:52]} 25. Red1 {[%clk 00:16:18]} {[%emt 00:01:02]} Qb7
{[%clk 00:23:00]} {[%emt 00:01:33]} 26. Qd2 {[%clk 00:15:44]} {[%emt 00:00:44]}
Kh7 {[%clk 00:19:43]} {[%emt 00:03:27]} 27. Qc2 {[%clk 00:15:03]} {[%emt
00:00:51]} Kh8 {[%clk 00:19:25]} {[%emt 00:00:28]} 28. Qe2 {[%clk 00:14:40]}
{[%emt 00:00:33]} Qa6 {[%clk 00:18:38]} {[%emt 00:00:57]} 29. a3 {[%clk
00:13:06]} {[%emt 00:01:45]} c5 {[%clk 00:18:02]} {[%emt 00:00:45]} 30. Qf3
{[%clk 00:12:55]} {[%emt 00:00:20]} Kg8 {[%clk 00:16:47]} {[%emt 00:01:26]} 31.
Qf4 {[%clk 00:11:36]} {[%emt 00:01:27]} h5 {[%clk 00:14:39]} {[%emt 00:02:20]}
32. Qh4 {[%clk 00:10:48]} {[%emt 00:00:57]} g6 {[%clk 00:14:25]} {[%emt
00:00:25]} 33. g4 {[%clk 00:10:12]} {[%emt 00:00:47]} hxg4 {[%clk 00:14:02]}
{[%emt 00:00:32]} 34. hxg4 {[%clk 00:10:12]} {[%emt 00:00:10]} Kf8 {[%clk
00:13:56]} {[%emt 00:00:15]} 35. Qf6 {[%clk 00:10:07]} {[%emt 00:00:15]} cxd4
{[%clk 00:12:35]} {[%emt 00:01:32]} 36. Rh3 {[%clk 00:09:46]} {[%emt 00:00:32]}
Ke8 {[%emt 00:02:02]} 1-0

[Event "ABC 2025 Groep C"]
[Site "Utrecht"]
[Date "2025.03.16"]
[Round "6.10"]
[White "Uitermark, Imre"]
[Black "Drenthen, Abel"]
[Result "1/2-1/2"]
[WhiteFideId "8861336"]
[BlackFideId "8800924"]
[WhiteElo "1810"]
[BlackElo "1726"]

1. c4 {[%clk 00:55:19]} {[%emt 00:00:01]} e5 {[%clk 00:55:13]} {[%emt
00:00:06]} 2. g3 {[%clk 00:55:26]} {[%emt 00:00:04]} g6 {[%clk 00:55:14]}
{[%emt 00:00:08]} 3. Bg2 {[%clk 00:55:33]} {[%emt 00:00:04]} Bg7 {[%clk
00:55:17]} {[%emt 00:00:06]} 4. Nc3 {[%clk 00:55:37]} {[%emt 00:00:06]} Nf6
{[%clk 00:55:19]} {[%emt 00:00:08]} 5. d3 {[%clk 00:55:35]} {[%emt 00:00:13]}
Nc6 {[%clk 00:54:53]} {[%emt 00:00:35]} 6. Rb1 {[%clk 00:55:31]} {[%emt
00:00:15]} d6 {[%clk 00:54:52]} {[%emt 00:00:11]} 7. b4 {[%clk 00:55:28]}
{[%emt 00:00:13]} a6 {[%clk 00:53:03]} {[%emt 00:02:00]} 8. Nf3 {[%clk
00:55:09]} {[%emt 00:00:28]} O-O {[%clk 00:52:56]} {[%emt 00:00:17]} 9. O-O
{[%clk 00:55:00]} {[%emt 00:00:19]} Rb8 {[%clk 00:52:42]} {[%emt 00:00:23]} 10.
Bg5 {[%clk 00:54:18]} {[%emt 00:00:53]} h6 {[%clk 00:51:20]} {[%emt 00:01:32]}
11. Bxf6 {[%clk 00:54:24]} {[%emt 00:00:05]} Bxf6 {[%clk 00:51:20]} {[%emt
00:00:09]} 12. Nd5 {[%clk 00:54:02]} {[%emt 00:00:33]} Bg7 {[%clk 00:51:01]}
{[%emt 00:00:28]} 13. Nd2 {[%clk 00:50:15]} {[%emt 00:03:56]} Ne7 {[%clk
00:50:24]} {[%emt 00:00:48]} 14. Nc3 {[%clk 00:49:52]} {[%emt 00:00:33]} c6
{[%clk 00:50:05]} {[%emt 00:00:28]} 15. a4 {[%clk 00:47:27]} {[%emt 00:02:35]}
d5 {[%clk 00:48:41]} {[%emt 00:01:35]} 16. c5 {[%clk 00:43:42]} {[%emt
00:03:56]} Bf5 {[%clk 00:47:18]} {[%emt 00:01:32]} 17. e4 {[%clk 00:41:28]}
{[%emt 00:02:25]} dxe4 {[%clk 00:47:07]} {[%emt 00:00:20]} 18. Ndxe4 {[%clk
00:40:19]} {[%emt 00:01:19]} Bxe4 {[%clk 00:46:40]} {[%emt 00:00:37]} 19. dxe4
{[%clk 00:38:50]} {[%emt 00:01:38]} Qc7 {[%clk 00:44:44]} {[%emt 00:02:05]} 20.
Qe2 {[%clk 00:32:23]} {[%emt 00:06:39]} Rbd8 {[%clk 00:42:35]} {[%emt
00:02:18]} 21. Rfd1 {[%clk 00:31:37]} {[%emt 00:00:57]} Rxd1+ {[%clk 00:40:17]}
{[%emt 00:02:28]} 22. Rxd1 {[%clk 00:30:37]} {[%emt 00:01:09]} Rd8 {[%clk
00:40:17]} {[%emt 00:00:10]} 23. Rxd8+ {[%clk 00:29:38]} {[%emt 00:01:10]} Qxd8
{[%clk 00:40:26]} {[%emt 00:00:01]} 24. Qd1 {[%clk 00:29:40]} {[%emt 00:00:08]}
Qd4 {[%clk 00:40:08]} {[%emt 00:00:27]} 25. Qb3 {[%clk 00:29:22]} {[%emt
00:00:29]} Qd8 {[%clk 00:55:10]} {[%emt 00:00:10]} 26. Nb1 1/2-1/2

[Event "ABC 2025 Groep C"]
[Site "Utrecht"]
[Date "2025.03.16"]
[Round "6.11"]
[White "Rietveld, Alexander"]
[Black "Kumar, Dhruv"]
[Result "0-1"]
[WhiteFideId "8881928"]
[BlackFideId "8824277"]
[WhiteElo "1716"]
[BlackElo "1768"]

1. e4 {[%clk 00:55:16]} {[%emt 00:00:03]} e5 {[%clk 00:55:16]} {[%emt
00:00:05]} 2. Nf3 {[%clk 00:55:19]} {[%emt 00:00:06]} Nc6 {[%clk 00:55:25]}
{[%emt 00:00:02]} 3. Bc4 {[%clk 00:55:23]} {[%emt 00:00:06]} Nf6 {[%clk
00:55:29]} {[%emt 00:00:06]} 4. Ng5 {[%clk 00:55:25]} {[%emt 00:00:07]} d5
{[%clk 00:55:31]} {[%emt 00:00:08]} 5. exd5 {[%clk 00:55:22]} {[%emt 00:00:13]}
Nd4 {[%clk 00:55:25]} {[%emt 00:00:16]} 6. c3 {[%clk 00:55:20]} {[%emt
00:00:12]} Nf5 {[%clk 00:55:30]} {[%emt 00:00:06]} 7. O-O {[%clk 00:55:04]}
{[%emt 00:00:25]} Nxd5 {[%clk 00:55:17]} {[%emt 00:00:24]} 8. Re1 {[%clk
00:54:25]} {[%emt 00:00:48]} f6 {[%clk 00:53:33]} {[%emt 00:01:53]} 9. Nf3
{[%clk 00:53:58]} {[%emt 00:00:38]} Nb6 {[%clk 00:52:45]} {[%emt 00:00:58]} 10.
Qb3 {[%clk 00:53:04]} {[%emt 00:01:04]} Nxc4 {[%clk 00:52:33]} {[%emt
00:00:23]} 11. Qxc4 {[%clk 00:52:48]} {[%emt 00:00:26]} Be7 {[%clk 00:52:12]}
{[%emt 00:00:30]} 12. d4 {[%clk 00:52:03]} {[%emt 00:00:55]} exd4 {[%clk
00:51:58]} {[%emt 00:00:25]} 13. cxd4 {[%clk 00:51:47]} {[%emt 00:00:26]} Nd6
{[%clk 00:50:43]} {[%emt 00:01:25]} 14. Qb3 {[%clk 00:51:09]} {[%emt 00:00:47]}
Bg4 {[%clk 00:50:25]} {[%emt 00:00:28]} 15. Bf4 {[%clk 00:50:35]} {[%emt
00:00:44]} Bxf3 {[%clk 00:48:14]} {[%emt 00:02:22]} 16. Qxf3 {[%clk 00:50:14]}
{[%emt 00:00:30]} c6 {[%clk 00:47:51]} {[%emt 00:00:34]} 17. d5 {[%clk
00:49:45]} {[%emt 00:00:39]} c5 {[%clk 00:45:12]} {[%emt 00:02:49]} 18. Qg3
{[%clk 00:49:27]} {[%emt 00:00:26]} O-O {[%clk 00:44:31]} {[%emt 00:00:52]} 19.
Nc3 {[%clk 00:47:39]} {[%emt 00:01:59]} Re8 {[%clk 00:43:15]} {[%emt 00:01:26]}
20. Re6 {[%clk 00:46:42]} {[%emt 00:01:06]} Nf5 {[%clk 00:42:27]} {[%emt
00:00:59]} 21. Qg4 {[%clk 00:46:05]} {[%emt 00:00:46]} Nd4 {[%clk 00:42:04]}
{[%emt 00:00:33]} 22. Re4 {[%clk 00:45:25]} {[%emt 00:00:50]} f5 {[%clk
00:41:51]} {[%emt 00:00:24]} 23. Qh5 {[%clk 00:44:05]} {[%emt 00:01:29]} fxe4
{[%clk 00:41:42]} {[%emt 00:00:20]} 24. Nxe4 {[%clk 00:43:59]} {[%emt
00:00:16]} g6 {[%clk 00:41:02]} {[%emt 00:00:50]} 25. Qd1 {[%clk 00:41:51]}
{[%emt 00:02:14]} Qxd5 {[%clk 00:38:48]} {[%emt 00:02:28]} 26. Nc3 {[%clk
00:41:43]} {[%emt 00:00:17]} Qc4 {[%clk 00:38:26]} {[%emt 00:00:33]} 27. Rc1
{[%clk 00:41:16]} {[%emt 00:00:36]} Rad8 {[%clk 00:37:43]} {[%emt 00:00:54]} 28.
Kh1 {[%clk 00:40:41]} {[%emt 00:00:45]} b5 {[%clk 00:36:56]} {[%emt 00:00:57]}
29. Ne4 {[%clk 00:40:25]} {[%emt 00:00:25]} Ne2 {[%clk 00:36:17]} {[%emt
00:00:49]} 30. Qxd8 {[%clk 00:40:04]} {[%emt 00:00:32]} Rxd8 {[%clk 00:36:19]}
{[%emt 00:00:08]} 31. Rxc4 {[%clk 00:40:01]} {[%emt 00:00:12]} Rd1# {[%clk
00:36:21]} {[%emt 00:00:08]} 0-1

[Event "ABC 2025 Groep C"]
[Site "Utrecht"]
[Date "2025.03.16"]
[Round "6.12"]
[White "Nair, Pranav Prasobh"]
[Black "De Wit, Jim"]
[Result "1/2-1/2"]
[WhiteFideId "9062295"]
[BlackFideId "8935938"]
[WhiteElo "1768"]
[BlackElo "1708"]

1. e4 {[%clk 00:55:18]} {[%emt 00:00:01]} c5 {[%clk 00:55:13]} {[%emt
00:00:07]} 2. Nf3 {[%clk 00:55:22]} {[%emt 00:00:05]} a6 {[%clk 00:55:17]}
{[%emt 00:00:07]} 3. c4 {[%clk 00:55:21]} {[%emt 00:00:11]} e6 {[%clk
00:55:20]} {[%emt 00:00:07]} 4. d4 {[%clk 00:55:23]} {[%emt 00:00:08]} cxd4
{[%clk 00:55:16]} {[%emt 00:00:14]} 5. Nxd4 {[%clk 00:55:29]} {[%emt 00:00:05]}
Nf6 {[%clk 00:55:09]} {[%emt 00:00:16]} 6. Bd3 {[%clk 00:54:28]} {[%emt
00:01:10]} Nc6 {[%clk 00:55:03]} {[%emt 00:00:18]} 7. Nxc6 {[%clk 00:52:02]}
{[%emt 00:02:36]} bxc6 {[%clk 00:55:08]} {[%emt 00:00:04]} 8. e5 {[%clk
00:52:06]} {[%emt 00:00:05]} Qa5+ {[%clk 00:55:07]} {[%emt 00:00:11]} 9. Nc3
{[%clk 00:51:34]} {[%emt 00:00:43]} Qxe5+ {[%clk 00:55:12]} {[%emt 00:00:05]}
10. Be2 {[%clk 00:50:35]} {[%emt 00:01:08]} Bb4 {[%clk 00:54:06]} {[%emt
00:01:17]} 11. Bd2 {[%clk 00:50:39]} {[%emt 00:00:06]} O-O {[%clk 00:53:59]}
{[%emt 00:00:17]} 12. O-O {[%clk 00:50:11]} {[%emt 00:00:37]} Bb7 {[%clk
00:53:53]} {[%emt 00:00:17]} 13. a3 {[%clk 00:49:38]} {[%emt 00:00:43]} Bd6
{[%clk 00:53:50]} {[%emt 00:00:13]} 14. f4 {[%clk 00:48:21]} {[%emt 00:01:26]}
Qc5+ {[%clk 00:52:02]} {[%emt 00:01:58]} 15. Kh1 {[%clk 00:48:19]} {[%emt
00:00:12]} Bb8 {[%clk 00:48:35]} {[%emt 00:03:36]} 16. b4 {[%clk 00:44:18]}
{[%emt 00:04:13]} Qb6 {[%clk 00:48:25]} {[%emt 00:00:20]} 17. Na4 {[%clk
00:44:01]} {[%emt 00:00:27]} Qc7 {[%clk 00:48:27]} {[%emt 00:00:08]} 18. c5
{[%clk 00:42:33]} {[%emt 00:01:37]} Nd5 {[%clk 00:48:07]} {[%emt 00:00:31]} 19.
Bc4 {[%clk 00:41:15]} {[%emt 00:01:28]} Ba7 {[%clk 00:46:56]} {[%emt 00:01:22]}
20. f5 {[%clk 00:39:54]} {[%emt 00:01:30]} Bb8 {[%clk 00:45:00]} {[%emt
00:02:06]} 21. g3 {[%clk 00:37:10]} {[%emt 00:02:53]} Qe5 {[%clk 00:43:10]}
{[%emt 00:02:00]} 22. Bd3 {[%clk 00:33:57]} {[%emt 00:03:23]} Qd4 {[%clk
00:42:23]} {[%emt 00:00:55]} 23. Be2 {[%clk 00:33:20]} {[%emt 00:00:48]} Be5
{[%clk 00:41:25]} {[%emt 00:01:09]} 24. Rc1 {[%emt 00:00:55]} Qe4+ {[%clk
00:33:25]} {[%emt 00:08:07]} 25. Bf3 {[%clk 00:31:47]} {[%emt 00:01:01]} Qd3
{[%clk 00:32:21]} {[%emt 00:01:13]} 26. Qe2 {[%clk 00:28:45]} {[%emt 00:03:12]}
Qxe2 {[%clk 00:31:58]} {[%emt 00:00:34]} 27. Bxe2 {[%clk 00:28:47]} {[%emt
00:00:08]} a5 {[%clk 00:26:53]} {[%emt 00:05:16]} 28. bxa5 {[%clk 00:28:04]}
{[%emt 00:00:53]} Ba6 {[%clk 00:26:31]} {[%emt 00:00:32]} 29. Bxa6 {[%clk
00:28:01]} {[%emt 00:00:13]} Rxa6 {[%clk 00:26:34]} {[%emt 00:00:06]} 30. Nb6
{[%clk 00:28:00]} {[%emt 00:00:11]} Bb2 {[%clk 00:26:16]} {[%emt 00:00:29]} 31.
Rb1 {[%clk 00:26:42]} {[%emt 00:01:27]} Bxa3 {[%clk 00:26:10]} {[%emt
00:00:16]} 32. Nxd7 {[%clk 00:26:30]} {[%emt 00:00:23]} Rd8 {[%clk 00:24:21]}
{[%emt 00:01:57]} 33. Nb8 {[%clk 00:25:53]} {[%emt 00:00:49]} Ra8 {[%clk
00:23:32]} {[%emt 00:01:00]} 34. Nxc6 {[%clk 00:25:21]} {[%emt 00:00:42]} Rdc8
{[%clk 00:23:25]} {[%emt 00:00:16]} 35. Nd4 {[%clk 00:21:58]} {[%emt 00:03:32]}
Bxc5 {[%clk 00:22:27]} {[%emt 00:01:08]} 36. Nb3 {[%clk 00:21:04]} {[%emt
00:01:05]} Ne3 {[%clk 00:19:02]} {[%emt 00:03:35]} 37. Bxe3 {[%clk 00:20:08]}
{[%emt 00:01:06]} Bxe3 {[%clk 00:19:09]} {[%emt 00:00:03]} 38. fxe6 {[%clk
00:20:05]} {[%emt 00:00:12]} fxe6 {[%clk 00:19:13]} {[%emt 00:00:06]} 39. Rbe1
{[%clk 00:19:04]} {[%emt 00:01:11]} Rc3 {[%clk 00:19:02]} {[%emt 00:00:21]} 40.
Rf3 {[%clk 00:19:01]} {[%emt 00:00:13]} Rxb3 {[%clk 00:18:52]} {[%emt
00:00:20]} 41. Rfxe3 {[%clk 00:19:03]} {[%emt 00:00:09]} Rxe3 {[%clk 00:18:57]}
{[%emt 00:00:05]} 42. Rxe3 {[%clk 00:19:04]} {[%emt 00:00:09]} Rxa5 {[%clk
00:18:59]} {[%emt 00:00:08]} 43. Rxe6 {[%clk 00:19:11]} {[%emt 00:00:03]} Kf7
{[%clk 00:19:01]} {[%emt 00:00:08]} 44. Re3 {[%clk 00:19:14]} {[%emt 00:00:06]}
g6 {[%clk 00:18:39]} {[%emt 00:00:32]} 1/2-1/2